<?xml version="1.0" encoding="UTF-8"?>
<marc:record xmlns:marc="http://www.loc.gov/MARC21/slim">
   <marc:leader>00000nam a2200000 a 4500</marc:leader>
   <marc:datafield ind1="0" ind2="0" tag="245">
      <marc:subfield code="a">Bitte aufmachen!</marc:subfield>
   </marc:datafield>
   <marc:datafield ind1="0" ind2="0" tag="245">
      <marc:subfield code="b">Papp-Klapp-Bilderbuch</marc:subfield>
   </marc:datafield>
   <marc:datafield ind1=" " ind2="1" tag="264">
      <marc:subfield code="b">Moritz-Verl.</marc:subfield>
      <marc:subfield code="c">2014</marc:subfield>
   </marc:datafield>
   <marc:datafield ind1="1" ind2=" " tag="520">
      <marc:subfield code="a">Beim Hasen am einsamen Haus im Wald klopft es an der Tür: Der Hirsch, verfolgt vom Wolf, begehrt Einlass. Er darf herein. Wenig später klopft es wieder: Der Wolf! Er behauptet, ein Ungeheuer sei hinter ihm her. Als Hase ihm nicht glaubt, klettert er durch den Kamin: Hase und Hirsch fliehen. Doch draußen sehen sie tatsächlich ein Ungeheuer. Schnell zurück ins Haus! Doch nun ist's der Wolf, der ihnen nicht aufmacht. Natürlich geht diese Geschichte gut aus, aber zuvor macht es ungeheuer viel Freude, Türen zu öffnen, Klappseiten zu wenden und »Bitte aufmachen!« zu rufen! (Verlagstext)</marc:subfield>
   </marc:datafield>
   <marc:datafield ind1="3" ind2=" " tag="024">
      <marc:subfield code="a">9783895652738</marc:subfield>
   </marc:datafield>
</marc:record>
